PRENTICE hall custom business resources
Saved in:
| Format: | Book |
|---|---|
| Language: | English |
| Published: |
Pearson Custom Publishing
2007
|
| Tags: |
Add Tag
No Tags, Be the first to tag this record!
|
MARC
| LEADER | 00000nam a22000007a 4500 | ||
|---|---|---|---|
| 008 | 201218b ||||| |||| 00| 0 eng d | ||
| 020 | |a ISBN: 978-0-536-25120-6 | ||
| 245 | |a PRENTICE hall custom business resources |c compiled by Kenneth N. Thompson |g . 450p.; ill. | ||
| 260 | |b Pearson Custom Publishing |c 2007 |h Boston |i 675713 |l HF5415 .P91 |m Marketing. |m Thompson, Kenneth N. | ||
| 942 | |a lcc |c BK |e Olagoke,M.A |f 18/12/2020 | ||
| 952 | |0 0 |1 0 |2 lcc |4 0 |6 HF5415 P91 |7 0 |9 771 |a HOL |b HOL |c GJ |d 2020-12-18 |l 0 |o HF5415 .P91 |p 2020-229986 |r 2020-12-18 00:00:00 |w 2020-12-18 |y BK | ||
| 999 | |c 436 |d 436 | ||